000 00967nam a22002897a 4500
001 BR2010001592
003 BR-BrBNA
005 20230928103239.0
007 ta
008 230509b bl.||||| |||| 00| 0 por d
040 _aBR-BrBNA
_bpor
_cBiblioteca Nacional de Agricultura
041 _a(Por)
072 _aH20
_b1624
_b4110
090 _ 1624 BR2010001592
100 1 _aBalsamo, R.
110 1 _aUniversidade de Brasília, DF (Brasil). Faculdade de Agronomia e Medicina Veterinária
_0Tese (Mestre em Ciências Agrárias)
245 1 _aUtilização sistêmica de Bacillus thuringiensis para controle de Plutella xylostella na cultura de couve
260 3 _aBrasília, DF (Brasil):
_c2009.
300 _a84 p.
500 _aSummaries (Eng, Por); Several bibliography; 33 illus.
650 _aCOUVE
650 _aTRAÇA DAS CRUCÍFERAS
650 _aBACILLUS
650 _aCONTROLE BIOLÓGICO
909 _a202309
_bLucia
_c55
_dLucia Elande
942 _cBK
999 _c74285
_d74285